[Event "FRA-ch Youth U12 2019"]
[Site "Hyeres"]
[Date "2019.04.21"]
[Round "9.1"]
[White "Maurizzi, Marc Andria"]
[Black "Makkar, Rajat"]
[Result "1-0"]
[WhiteElo "2276"]
[BlackElo "2147"]
[Annotator "NA"]
[PlyCount "59"]
[EventDate "2019.04.14"]
[EventType "swiss"]
[EventCountry "FRA"]
[SourceTitle "playchess.com"]
[Source "ChessBase"]
[SourceQuality "1"]
[TimeControl "5400+30"]

1. e4 {[%emt 0:00:00]} e5 {[%emt 0:00:00]} 2. Nf3 {[%emt 0:00:00]} Nc6 {[%emt 0:00:00]} 3. d4 {[%emt 0:00:00]} exd4 {[%emt 0:00:01]} 4. Nxd4 {[%emt 0:00:00]} Qf6 {[%emt 0:02:41]} 5. Nf3 {[%emt 0:00:00]} Bc5 {[%emt 0:09:59]} 6. Nc3 {[%emt 0:00:11]} Nge7 {[%emt 0:02:49]} 7. Bg5 {[%emt 0:14:13]} Qg6 {[%emt 0:05:34]} 8. Be2 {[%emt 0:05:16]} Ne5 {[%emt 0:14:17]} 9. Qd2 {[%emt 0:02:14]} Ng4 {[%emt 0:08:23]} 10. O-O {[%emt 0:10:47]} h6 {[%emt 0:05:59]} 11. Bxe7 {[%emt 0:02:05]} Bxe7 {[%emt 0:01:36]} 12. e5 {[%emt 0:12:55]} Bc5 {[%emt 0:11:31]} 13. Bd3 {[%emt 0:03:17]} Qh5 {[%emt 0:02:38]} 14. Nd5 {[%emt 0:04:50]} Nxe5 {[%emt 0:03:01]} 15. Rfe1 {[%emt 0:02:05]} d6 {[%emt 0:01:09]} 16. Nf4 {[%emt 0:03:11]} Qg4 {[%emt 0:02:16]} 17. Nxe5 {[%emt 0:00:07]} dxe5 {[%emt 0:00:53]} 18. Rxe5+ {[%emt 0:00:06]} Be7 {[%emt 0:00:46]} 19. Rae1 {[%emt 0:00:10]} Be6 {[%emt 0:04:14]} 20. Nxe6 {[%emt 0:00:05]} fxe6 {[%emt 0:00:20]} 21. Rxe6 {[%emt 0:00:05]} O-O-O {[%emt 0:00:36]} 22. Rxe7 {[%emt 0:00:03]} Rhf8 {[%emt 0:01:17]} 23. Qa5 {[%emt 0:00:33]} Rd7 {[%emt 0:01:08]} 24. Re8+ {[%emt 0:00:06]} Rd8 {[%emt 0:00:26]} 25. Rxd8+ {[%emt 0:00:10]} Kxd8 {[%emt 0:00:12]} 26. Qd5+ {[%emt 0:00:05]} Kc8 {[%emt 0:00:12]} 27. Bf5+ {[%emt 0:00:24]} Qxf5 {[%emt 0:00:39]} 28. Re8+ {[%emt 0:00:06]} Rxe8 {[%emt 0:00:08]} 29. Qxf5+ {[%emt 0:00:03]} Kb8 {[%emt 0:00:06]} 30. h4 {[%emt 0:00:04]} 1-0

[Event "FRA-ch Youth U12 2019"]
[Site "Hyeres"]
[Date "2019.04.21"]
[Round "9.2"]
[White "Strasser, Rouben"]
[Black "Bat, Bilguun"]
[Result "1/2-1/2"]
[WhiteElo "1611"]
[BlackElo "2163"]
[Annotator "NA"]
[PlyCount "177"]
[EventDate "2019.04.14"]
[EventType "swiss"]
[EventCountry "FRA"]
[SourceTitle "playchess.com"]
[Source "ChessBase"]
[SourceQuality "1"]
[TimeControl "5400+30"]

1. e4 {[%emt 0:00:00]} c5 {[%emt 0:00:00]} 2. Nf3 {[%emt 0:00:00]} a6 {[%emt 0:00:00]} 3. d4 {[%emt 0:00:00]} cxd4 {[%emt 0:00:00]} 4. Nxd4 {[%emt 0:00:00]} Nf6 {[%emt 0:00:00]} 5. Nc3 {[%emt 0:00:43]} e5 {[%emt 0:00:19]} 6. Nb3 {[%emt 0:00:37]} Bb4 {[%emt 0:00:07]} 7. Bd3 {[%emt 0:00:23]} d5 {[%emt 0:00:29]} 8. exd5 {[%emt 0:00:27]} Nxd5 {[%emt 0:00:09]} 9. Bd2 {[%emt 0:00:21]} Nxc3 {[%emt 0:00:16]} 10. bxc3 {[%emt 0:01:56]} Bd6 {[%emt 0:00:00]} 11. O-O {[%emt 0:13:25]} O-O {[%emt 0:00:29]} 12. Qh5 {[%emt 0:00:30]} f5 13. f3 {[%emt 0:00:30]} Nc6 {[%emt 0:15:02]} 14. Kh1 {[%emt 0:01:12]} Qe8 {[%emt 0:00:30]} 15. Qxe8 {[%emt 0:00:30]} Rxe8 {[%emt 0:00:30]} 16. Rae1 {[%emt 0:00:30]} Be6 {[%emt 0:00:30]} 17. Be3 {[%emt 0:00:30]} g6 {[%emt 0:00:30]} 18. a4 {[%emt 0:05:22]} Rac8 {[%emt 0:14:20]} 19. Bd2 {[%emt 0:04:05]} Bd5 {[%emt 0:08:03]} 20. Rf2 {[%emt 0:04:30]} Be7 {[%emt 0:05:44]} 21. c4 {[%emt 0:05:46]} Bf7 {[%emt 0:00:58]} 22. Rfe2 {[%emt 0:01:58]} Bf6 {[%emt 0:04:48]} 23. Bc3 {[%emt 0:02:14]} Nd4 {[%emt 0:18:53]} 24. Re3 {[%emt 0:10:17]} Red8 {[%emt 0:01:52]} 25. Nd2 {[%emt 0:06:03]} b5 {[%emt 0:05:36]} 26. axb5 {[%emt 0:01:13]} axb5 {[%emt 0:00:18]} 27. Ba5 {[%emt 0:00:19]} bxc4 {[%emt 0:06:30]} 28. Bxd8 {[%emt 0:00:30]} Bxd8 {[%emt 0:00:52]} 29. Nxc4 {[%emt 0:02:18]} Bxc4 {[%emt 0:01:10]} 30. Rxe5 {[%emt 0:01:36]} Bf7 {[%emt 0:04:03]} 31. c4 {[%emt 0:03:02]} Bf6 {[%emt 0:01:38]} 32. Ra5 {[%emt 0:00:12]} Rd8 {[%emt 0:01:50]} 33. Bf1 {[%emt 0:00:37]} Nc2 {[%emt 0:02:58]} 34. Rb1 {[%emt 0:02:38]} Ne3 {[%emt 0:01:14]} 35. c5 {[%emt 0:00:05]} Nxf1 {[%emt 0:00:08]} 36. Rxf1 {[%emt 0:00:05]} Bc4 {[%emt 0:00:14]} 37. Rc1 {[%emt 0:00:46]} Bb2 {[%emt 0:01:25]} 38. Rb1 {[%emt 0:00:38]} Bc3 {[%emt 0:01:19]} 39. Ra4 {[%emt 0:00:19]} Be6 {[%emt 0:01:37]} 40. h3 {[%emt 0:00:52]} Kf7 {[%emt 0:02:54]} 41. Ra7+ {[%emt 0:02:32]} Kf6 {[%emt 0:03:15]} 42. c6 {[%emt 0:02:49]} Rc8 {[%emt 0:00:00]} 43. Rxh7 {[%emt 0:01:27]} Rxc6 {[%emt 0:00:00]} 44. Rc1 {[%emt 0:01:11]} Rc4 {[%emt 0:00:00]} 45. Ra7 {[%emt 0:01:33]} Be5 {[%emt 0:00:04]} 46. Rxc4 {[%emt 0:00:29]} Bxc4 {[%emt 0:00:01]} 47. Ra4 {[%emt 0:00:53]} Be6 {[%emt 0:00:31]} 48. Ra8 {[%emt 0:00:26]} f4 {[%emt 0:00:08]} 49. Ra7 {[%emt 0:01:27]} Bd4 {[%emt 0:00:17]} 50. Ra4 {[%emt 0:00:18]} Be3 {[%emt 0:00:04]} 51. Ra5 {[%emt 0:00:20]} Bf5 {[%emt 0:00:09]} 52. Ra6+ {[%emt 0:00:21]} Kg5 {[%emt 0:00:10]} 53. Ra8 {[%emt 0:00:33]} Kh4 {[%emt 0:00:09]} 54. Kh2 {[%emt 0:00:14]} Bf2 {[%emt 0:00:53]} 55. Rh8+ {[%emt 0:00:15]} Kg5 {[%emt 0:00:04]} 56. Re8 {[%emt 0:00:15]} Bg3+ {[%emt 0:00:08]} 57. Kh1 {[%emt 0:00:12]} Kf6 {[%emt 0:00:08]} 58. Ra8 {[%emt 0:00:18]} Ke5 {[%emt 0:00:12]} 59. Ra4 {[%emt 0:00:44]} Kd5 {[%emt 0:00:14]} 60. Rb4 {[%emt 0:00:10]} Bc2 {[%emt 0:00:41]} 61. Rb2 {[%emt 0:00:49]} Bd3 {[%emt 0:00:36]} 62. Rb4 {[%emt 0:00:33]} Kc5 {[%emt 0:00:11]} 63. Ra4 {[%emt 0:00:15]} Bc4 {[%emt 0:00:06]} 64. Ra8 {[%emt 0:00:44]} Kd4 {[%emt 0:00:11]} 65. Re8 {[%emt 0:00:24]} Bd3 {[%emt 0:00:37]} 66. Re7 {[%emt 0:00:55]} Kc3 {[%emt 0:00:11]} 67. Re6 {[%emt 0:00:33]} Kd2 {[%emt 0:00:08]} 68. Re5 {[%emt 0:00:38]} Be2 {[%emt 0:01:18]} 69. Rg5 {[%emt 0:00:24]} Bd3 {[%emt 0:00:04]} 70. Re5 {[%emt 0:00:10]} Bh4 {[%emt 0:00:10]} 71. Re8 {[%emt 0:00:54]} Be2 {[%emt 0:00:28]} 72. Re6 {[%emt 0:00:41]} g5 {[%emt 0:00:07]} 73. Re8 {[%emt 0:00:24]} Ke1 {[%emt 0:00:06]} 74. Kg1 {[%emt 0:00:59]} Bf2+ {[%emt 0:00:06]} 75. Kh1 {[%emt 0:00:05]} Kf1 {[%emt 0:00:05]} 76. Re5 {[%emt 0:00:35]} Bh4 {[%emt 0:00:26]} 77. Ra5 {[%emt 0:00:22]} Kf2 {[%emt 0:00:15]} 78. Ra2 {[%emt 0:00:19]} Bg3 {[%emt 0:00:15]} 79. Ra5 {[%emt 0:00:54]} Bc4 {[%emt 0:00:10]} 80. Ra3 {[%emt 0:01:16]} Kf1 {[%emt 0:01:19]} 81. Ra5 {[%emt 0:01:00]} Bh4 {[%emt 0:00:35]} 82. Ra4 {[%emt 0:00:42]} Be2 {[%emt 0:00:09]} 83. Ra1+ {[%emt 0:00:32]} Be1 {[%emt 0:00:30]} 84. Ra8 {[%emt 0:00:32]} Bg3 {[%emt 0:00:59]} 85. Ra5 {[%emt 0:00:13]} Kf2 {[%emt 0:00:02]} 86. Ra2 {[%emt 0:00:07]} Kf1 {[%emt 0:00:29]} 87. Ra1+ {[%emt 0:00:55]} Be1 {[%emt 0:00:01]} 88. Ra8 {[%emt 0:00:20]} Bc3 {[%emt 0:00:23]} 89. Rg8 {[%emt 0:00:49]} 1/2-1/2

[Event "FRA-ch Youth U12 2019"]
[Site "Hyeres"]
[Date "2019.04.21"]
[Round "9.3"]
[White "Deblock, Kien"]
[Black "Kuhn, Clement"]
[Result "1/2-1/2"]
[WhiteElo "1642"]
[BlackElo "1936"]
[Annotator "NA"]
[PlyCount "144"]
[EventDate "2019.04.14"]
[EventType "swiss"]
[EventCountry "FRA"]
[SourceTitle "playchess.com"]
[Source "ChessBase"]
[SourceQuality "1"]
[TimeControl "5400+30"]

1. e4 {[%emt 0:00:00]} d5 {[%emt 0:00:00]} 2. exd5 {[%emt 0:00:00]} Nf6 {[%emt 0:00:00]} 3. Nf3 {[%emt 0:00:00]} Nxd5 {[%emt 0:00:00]} 4. d4 {[%emt 0:00:00]} Bf5 {[%emt 0:00:00]} 5. Bd3 {[%emt 0:00:00]} Bxd3 {[%emt 0:01:53]} 6. Qxd3 {[%emt 0:00:00]} e6 {[%emt 0:01:41]} 7. O-O {[%emt 0:00:19]} c6 {[%emt 0:04:13]} 8. c4 {[%emt 0:00:50]} Nf6 {[%emt 0:00:23]} 9. Nc3 {[%emt 0:00:52]} Be7 {[%emt 0:01:22]} 10. Bf4 {[%emt 0:01:13]} O-O {[%emt 0:00:16]} 11. Rfd1 {[%emt 0:02:49]} Na6 {[%emt 0:12:31]} 12. a3 {[%emt 0:10:16]} h6 {[%emt 0:04:38]} 13. b4 {[%emt 0:04:03]} Nc7 {[%emt 0:03:28]} 14. b5 {[%emt 0:22:51]} cxb5 {[%emt 0:08:47]} 15. Bxc7 {[%emt 0:00:19]} Qxc7 {[%emt 0:00:06]} 16. Nxb5 {[%emt 0:00:06]} Qa5 {[%emt 0:05:22]} 17. d5 {[%emt 0:13:13]} exd5 {[%emt 0:05:37]} 18. cxd5 {[%emt 0:00:12]} Rfd8 {[%emt 0:03:21]} 19. Qb3 {[%emt 0:04:33]} a6 {[%emt 0:11:27]} 20. d6 {[%emt 0:05:05]} Bf8 {[%emt 0:01:43]} 21. Nc7 {[%emt 0:01:06]} Rab8 {[%emt 0:02:16]} 22. Nd5 {[%emt 0:04:58]} Rxd6 {[%emt 0:01:35]} 23. Nxf6+ {[%emt 0:00:40]} Rxf6 {[%emt 0:00:12]} 24. Rd7 {[%emt 0:00:47]} Qb6 {[%emt 0:06:05]} 25. Rb1 {[%emt 0:02:01]} Qxb3 {[%emt 0:01:10]} 26. Rxb3 {[%emt 0:00:06]} Rd6 {[%emt 0:00:43]} 27. Ne5 {[%emt 0:01:35]} Rd8 {[%emt 0:05:14]} 28. Rxd8 {[%emt 0:00:45]} Rxd8 {[%emt 0:00:10]} 29. Kf1 {[%emt 0:00:28]} b5 {[%emt 0:00:46]} 30. Nc6 {[%emt 0:03:36]} Rd1+ {[%emt 0:05:09]} 31. Ke2 {[%emt 0:00:06]} Ra1 {[%emt 0:00:12]} 32. Nb4 {[%emt 0:01:31]} f5 {[%emt 0:04:00]} 33. Nxa6 {[%emt 0:03:08]} Rxa3 {[%emt 0:01:10]} 34. Rxa3 {[%emt 0:00:10]} Bxa3 {[%emt 0:00:04]} 35. Nc7 {[%emt 0:00:23]} b4 {[%emt 0:02:28]} 36. Kd3 {[%emt 0:00:41]} b3 {[%emt 0:02:19]} 37. Nb5 {[%emt 0:00:07]} Bc5 {[%emt 0:03:34]} 38. f3 {[%emt 0:00:07]} Bg1 {[%emt 0:00:23]} 39. h3 {[%emt 0:01:14]} Kf7 {[%emt 0:01:16]} 40. Kc3 {[%emt 0:00:17]} Ke6 {[%emt 0:00:08]} 41. Kxb3 {[%emt 0:00:30]} Bf2 {[%emt 0:01:15]} 42. Kc3 {[%emt 0:00:21]} Ke5 {[%emt 0:00:19]} 43. Kd3 {[%emt 0:00:24]} Kf4 {[%emt 0:00:46]} 44. Ke2 {[%emt 0:02:04]} Bc5 {[%emt 0:00:19]} 45. Nc7 {[%emt 0:01:05]} Ke5 {[%emt 0:00:54]} 46. g4 {[%emt 0:01:03]} g5 {[%emt 0:01:04]} 47. Ne8 {[%emt 0:01:08]} Bf8 {[%emt 0:01:16]} 48. Nc7 {[%emt 0:00:19]} Bg7 {[%emt 0:00:56]} 49. Ne8 {[%emt 0:00:44]} Bf8 {[%emt 0:00:24]} 50. Nc7 {[%emt 0:00:09]} fxg4 {[%emt 0:00:11]} 51. hxg4 {[%emt 0:00:20]} Kd6 {[%emt 0:00:50]} 52. Ne8+ {[%emt 0:00:10]} Ke6 {[%emt 0:00:35]} 53. Nc7+ {[%emt 0:00:08]} Ke5 {[%emt 0:00:16]} 54. Ne8 {[%emt 0:00:30]} Kf4 {[%emt 0:00:57]} 55. Nf6 {[%emt 0:00:36]} Bg7 {[%emt 0:00:46]} 56. Ne8 {[%emt 0:00:12]} Bh8 {[%emt 0:00:27]} 57. Nd6 {[%emt 0:00:09]} Bg7 {[%emt 0:00:21]} 58. Nf5 {[%emt 0:00:08]} Bf8 {[%emt 0:00:06]} 59. Kf2 {[%emt 0:00:17]} h5 {[%emt 0:00:21]} 60. Kg2 {[%emt 0:00:34]} h4 {[%emt 0:01:05]} 61. Nd4 {[%emt 0:00:12]} Be7 {[%emt 0:00:30]} 62. Nf5 {[%emt 0:00:47]} Bf6 {[%emt 0:00:08]} 63. Nh6 {[%emt 0:00:10]} Ke3 {[%emt 0:00:53]} 64. Nf5+ {[%emt 0:00:06]} Ke2 {[%emt 0:00:27]} 65. Nh6 {[%emt 0:00:16]} Be5 {[%emt 0:00:35]} 66. Nf5 {[%emt 0:00:15]} h3+ {[%emt 0:00:41]} 67. Kxh3 {[%emt 0:00:05]} Kxf3 {[%emt 0:00:08]} 68. Ne7 {[%emt 0:00:16]} Bf4 {[%emt 0:00:38]} 69. Ng6 {[%emt 0:00:06]} Ke4 {[%emt 0:00:22]} 70. Nf8 {[%emt 0:00:09]} Kf3 {[%emt 0:00:37]} 71. Ne6 {[%emt 0:00:08]} Ke4 {[%emt 0:00:06]} 72. Kg2 {[%emt 0:00:25]} Ke5 {[%emt 0:02:05]} 1/2-1/2

[Event "FRA-ch Youth U12 2019"]
[Site "Hyeres"]
[Date "2019.04.21"]
[Round "9.4"]
[White "Robert, Maxime"]
[Black "Mekhane, Adam"]
[Result "0-1"]
[WhiteElo "1457"]
[BlackElo "1995"]
[Annotator "NA"]
[PlyCount "34"]
[EventDate "2019.04.14"]
[EventType "swiss"]
[EventCountry "FRA"]
[SourceTitle "playchess.com"]
[Source "ChessBase"]
[SourceQuality "1"]
[TimeControl "5400+30"]

1. e4 {[%emt 0:00:00]} c5 {[%emt 0:00:00]} 2. Nf3 {[%emt 0:00:16]} Nc6 {[%emt 0:00:00]} 3. c3 {[%emt 0:01:53]} Nf6 {[%emt 0:00:06]} 4. d4 {[%emt 0:00:59]} cxd4 {[%emt 0:01:34]} 5. cxd4 {[%emt 0:00:09]} Nxe4 {[%emt 0:01:25]} 6. Be2 {[%emt 0:00:47]} d5 {[%emt 0:04:17]} 7. O-O {[%emt 0:01:29]} g6 {[%emt 0:02:06]} 8. Nc3 {[%emt 0:02:50]} Bg7 {[%emt 0:06:52]} 9. Bf4 {[%emt 0:03:24]} O-O {[%emt 0:02:42]} 10. Rc1 {[%emt 0:03:49]} Bg4 {[%emt 0:11:02]} 11. Ne5 {[%emt 0:08:16]} Bxe2 {[%emt 0:02:40]} 12. Nxe2 {[%emt 0:00:23]} Rc8 {[%emt 0:07:38]} 13. Qa4 {[%emt 0:04:09]} Nxe5 {[%emt 0:06:51]} 14. Bxe5 {[%emt 0:01:10]} Qb6 {[%emt 0:16:00]} 15. Qa3 {[%emt 0:03:30]} Rxc1 {[%emt 0:06:06]} 16. Rxc1 {[%emt 0:00:58]} Bxe5 {[%emt 0:01:30]} 17. Rf1 {[%emt 1:04:28]} Bg7 0-1